| 000 | 00531nam a22001937a 4500 | ||
|---|---|---|---|
| 003 | NUST - PNEC | ||
| 005 | 20170116180819.0 | ||
| 008 | 150615b xxu||||| |||| 00| 0 eng d | ||
| 020 | _a8174091955 | ||
| 040 | _cLIBRARY | ||
| 082 | _a511 ROS | ||
| 100 |
_93948 _aRosen, Kenneth H. |
||
| 245 |
_aDiscrete mathematics and its applications _cKenneth H .Rosen |
||
| 250 | _a5th ed | ||
| 260 |
_aNew Delhi _bTata Mcgraw-hill publishing company _cc2003. |
||
| 300 | _a787 p. : | ||
| 650 |
_93951 _aMathematics _xME |
||
| 942 |
_2ddc _cBK |
||
| 999 |
_c63654 _d63654 |
||